Land vs. Land #41 - Statistiken

Allgemein
  • Dieses Quiz wurde 22 mal gespielt
  • Das Durchschnittsergebnis liegt bei 11 aus 14
Antwortstatistiken
Frage Antwort % Korrekt
...Bruttoinlandsprodukt? Südafrika🇿🇦
100%
...Bruttoinlandsprodukt pro Kopf? Südafrika🇿🇦
100%
...Tourismus? Südafrika🇿🇦
100%
...HDI (Human Development Index)? Südafrika🇿🇦
100%
...Exportmengen? Südafrika🇿🇦
100%
...Gewinner? Südafrika🇿🇦
100%
...Einwohner? Südafrika🇿🇦
90%
...Gesundheitswesen? Südafrika🇿🇦
90%
...durchschnittlicher IQ? Südafrika🇿🇦
90%
...Lebenserwartung? Südafrika🇿🇦
90%
...Happy Planet Index? Südafrika🇿🇦
70%
...Fläche? Angola🇦🇴
50%
...Militär? Angola🇦🇴
25%
...Frieden? Angola🇦🇴
25%
Keine übereinstimmenden Quizze gefunden
Verteilung der Resultate
Anzahl Personen mit jedem Resultat
Perzentil nach korrekt beantworteten Fragen
Ihre Resultats-Entwicklung
Sie haben dieses Quiz noch nicht gespielt